000 01087cam a2200241 4500
001 WB4007-04
008 040218n2004 000 0 eng u
035 _a(Sirsi) u125186
245 _aIndustrial rent survey
260 _c2004
490 _aATIS Real Weatheralls Industrial Rent Survey
_v Quarter One2004 (4)
520 _aThe latest ATIS Real Weatheralls "Industrial rent survey" shows increasing enquiry levels with occupiers focusing on operational expansion and efficiency drives. The big shed distribution market is showing signs of recovery while the report forecasts rent increases of up to 6% along the M1 corridor over the next five years. The report is available to view at http://www.atisweatheralls.com/pdfs/IndustrialRSQ1 _04.pdf.
590 _aWB
590 _aWB
650 _aINDUSTRIAL MARKET
650 _aDISTRIBUTION MARKET
650 _aINDUSTRIAL DEVELOPMENT
650 _aINDUSTRIAL RENT SURVEY
650 _aINDUSTRIAL RENTS
650 _aATIS REAL WEATHERALLS INDUSTRIAL RENT SURVEY
690 _aCOMMERCIAL PROPERTY-MARKET
942 _n0
999 _c117035
_d117035